مكتبة جامعة عجلون الوطنية

فهرس بحث المكتبة

Normal view MARC view
  • سلوك المستهلك- القرارات

Entry Topical Term

Number of records used in: 1

001 - CONTROL NUMBER

  • control field: 61045

003 - CONTROL NUMBER IDENTIFIER

  • control field: JO-AjAnu

005 - DATE AND TIME OF LATEST TRANSACTION

  • control field: 20230606083957.0

008 - FIXED-LENGTH DATA ELEMENTS

  • fixed length control field: 230606|| aca||aabn | a|a d

040 ## - CATALOGING SOURCE

  • Original cataloging agency: JO-AjAnu
  • Transcribing agency: JO-AjAnu

150 ## - HEADING--TOPICAL TERM

  • Topical term or geographic name entry element: سلوك المستهلك- القرارات

670 ## - SOURCE DATA FOUND

  • Source citation: Work cat.: (JO-AjAnu)31136: أبو جليل، محمد منصور وآخرون، م.مشارك ايهاب كمال هيكل، م.مشارك ابراهيم سعد عقل، م.مشارك خالد عطالله الطراونه, author 61044, سلوك المستهلك واتخاذ القرارات الشرائية: مدخل متكامل